Návrh opatrení na zlepšenie systému odmeňovania zamestnancov v podniku RONA, a. s.
Salvato in:
| Autore principale: | |
|---|---|
| Altri autori: | |
| Natura: | Manoscritto Libro |
| Lingua: | slovacco |
| Pubblicazione: |
2022
|
| Soggetti: | |
| Accesso online: | http://is.stuba.sk/zp/portal_zp.pl?podrobnosti=170072 |
| Tags: |
Nessun Tag, puoi essere il primo ad aggiungerne!!
|
MARC
| LEADER | 00000ntm a22000003a 4500 | ||
|---|---|---|---|
| 001 | stuzp90088 | ||
| 003 | SK-STU | ||
| 005 | 20220702212124.8 | ||
| 007 | ta | ||
| 008 | 150427s2015----xo-----f-mn---000-0-slo-d | ||
| 040 | |a STU |b slo | ||
| 041 | 0 | |a slo | |
| 100 | 1 | |a Mišovcová, Denisa |u 064000 |4 aut |U MTF Materiálovotechnologická fakulta |T MTF Ústav priemyselného inžinierstva a manažmentu |X 106342 |U M4000 |Y 84 |7 106342 | |
| 242 | 0 | 1 | |a Proposal of measures to improve the system of remuneration of employees in the company RONA, a. s. |y eng |
| 245 | 1 | 0 | |a Návrh opatrení na zlepšenie systému odmeňovania zamestnancov v podniku RONA, a. s. |
| 260 | |c 2022 | ||
| 650 | 4 | |a mzda |2 slo | |
| 650 | 4 | |a odmeňovanie |2 slo | |
| 650 | 4 | |a zamestnanci |2 slo | |
| 650 | 4 | |a benefity |2 slo | |
| 650 | 4 | |a benefits |2 eng | |
| 650 | 4 | |a employees |2 eng | |
| 650 | 4 | |a remuneration |2 eng | |
| 650 | 4 | |a salary |2 eng | |
| 700 | 1 | |a Horváthová, Martina |u 064000 |k Z1 |4 ths |U MTF Materiálovotechnologická fakulta |T MTF Ústav priemyselného inžinierstva a manažmentu |X 1507 |U M4000 |Y 84 |7 A000001507 | |
| 856 | 4 | |u http://is.stuba.sk/zp/portal_zp.pl?podrobnosti=170072 | |
| 996 | |c M* BP-9418 |l MMSKP |s P |a 0 |w stuzp90088_0001 | ||